00338nam a2200109 4500008004100000100003400041245005100075260000900126300001300135650004600148773003400194190829b ||||| |||| 00| 0 eng d aReddy, A. Chandrasekhar et al aResearch scholar's epistemological predicament c2019 ap.35-41. aUniversity Grants Commission - Regulation aEconomic and Political Weekly